| LEADER | 00515nam a2200181K 4500 | ||
|---|---|---|---|
| 001 | 003100997-2 | ||
| 005 | 20020606093309.7 | ||
| 008 | 930604s1913 fi 000 0 fin d | ||
| 035 | 0 | |a ocn223348448 | |
| 040 | |a HMG |c HMG | ||
| 090 | |a LA847 |b .W4 | ||
| 100 | 1 | |a Wegelius, Karl Albert. | |
| 245 | 1 | 0 | |a Kansalaiskoulu, eli Kansakoulu kokonaisuudessaan oppikoulujen pohjakouluksi. |
| 260 | |a Joensuu, |b Pohjois-Karjalan Kirjapaino o.-y., |c 1913. | ||
| 300 | |a 37 p. | ||
| 650 | 0 | |a Education |z Finland. | |
| 988 | |a 20020608 | ||
| 906 | |0 MH | ||


